000 01464nam a2200253 a 4500
001 BS0003444
003 BR-BrBNA
005 20240112140615.0
008 230308b |||||||| |||| 00| 0 por d
040 _aBR-BrBNA
_bpor
_cBiblioteca Nacional de Agricultura
041 _apor
072 _aR10
090 _aR10 BS0003444
100 1 _aCotrim, Márcio
245 1 _aO pulo do gato:
_bo berço das palavras e expressões populares /
250 1 _a1. ed.
260 3 _aSão Paulo, SP:
_bGeração Editorial,
_c]2005.
300 _a123 p.
520 3 _aO Pulo do Gato é um delicioso presente de leitura e de revelação da imaginação criadora de uma língua e de seus falantes. Muitas expressões que usamos diariamente têm origem pitoresca, exótica, casual. É muito interessante descobrir como surgiram expressões, como banho-maria (estão esquentando!), candidato (não percam essa!), larápio (nem essa!), Omo (quem diria?)Tio Sam (imprescindível!), gandula (para boleiros e outros!), maratona (ufa!), Skol (não queiram saber!), sanduíche (não comam sem saber essa!), fazer nas coxas (aprenda a fazer bem!). Por essas e muitas outras, está aí o livro de Márcio Cotrim para você lavar a égua. E podem tirar o cavalinho da chuva, pois se quiserem saber mais, esses são outros quinhentos. Certeza: quem ler este livro vai se divertir à beça.
650 _aPORTUGUÊS
650 _aETIMOLOGIA
650 _aVOCABULÁRIO
942 _cBK
_2AGRIS
999 _c8506
_d8506